Normal view MARC view

Entry Nome pessoal

Number of records used in: 2

001 - NÚMERO DE CONTROLE

  • campo de controle: 15

003 - IDENTIFICADOR DO NÚMERO DE CONTROLE

  • campo de controle: Br

005 - DATA E HORÁRIO DA ÚLTIMA TRANSAÇÃO

  • campo de controle: 20250120084854.0

008 - CAMPO DE DADOS FIXOS

  • campo de controle de tamanho fixo: 990226|| acnnnaab| aaaa d

035 ## - NÚMERO DE CONTROLE DO SISTEMA

  • Número de Controle do Sistema: 99022609134064042

040 ## - FONTE DA CATALOGAÇÃO

  • Instituição da catalogação original: Br
  • Instituição que transcreveu o registro: Br

100 10 - CABEÇALHO--NOME PESSOAL

  • Nome pessoal: Albom, Mitch,
  • Datas associadas ao nome: 1958-

400 1# - REMISSIVA VER--NOME PESSOAL

  • Nome pessoal: Albom, Mitchel David
  • Datas associadas ao nome: 1958-

670 ## - FONTE POSITIVA DOS DADOS

  • Citação da fonte positiva dos dados: Autor de: Tenha um pouco de fé... 2010
  • Dados encontrados na fonte localizada no subcampo: (ficha cat.: d.n.; orelha: jornalista esportivo, trabalha como colunista de jornal e apresentador de rádio e televisão. É também roteirista e músico)

670 ## - FONTE POSITIVA DOS DADOS

  • Citação da fonte positiva dos dados: http://authorities.loc.gov
  • Dados encontrados na fonte localizada no subcampo: (d.n.)

670 ## - FONTE POSITIVA DOS DADOS

  • Citação da fonte positiva dos dados: http://catalog.loc.gov 25/11/10
  • Dados encontrados na fonte localizada no subcampo: (d.n.)

670 ## - FONTE POSITIVA DOS DADOS

  • Citação da fonte positiva dos dados: http://en.wikipedia.org/wiki/Mitch_Albom
  • Dados encontrados na fonte localizada no subcampo: (Mitchel David Albom nasceu no dia 23 de maio de 1958, é um escritor, jornalista, dramaturgo e apresentador de rádio e televisão americano)

Powered by Koha